[Event "2nd 4NCL Spring Bank Holiday Congress"]
[Site "Basingstoke"]
[Date "2019.05.25"]
[Round "3.8"]
[White "Skettos, Nicolas"]
[Black "Mccullough, Simon L"]
[Result "0-1"]
[WhiteElo "1830"]
[BlackElo "2109"]
[PlyCount "58"]
[EventDate "2019.05.24"]

1. e4 c5 2. Nf3 g6 3. d4 cxd4 4. Qxd4 Nf6 5. Nc3 Nc6 6. Qa4 d6 7. e5 dxe5 8.
Nxe5 Bd7 9. Nxd7 Qxd7 10. Be3 Bg7 11. Rd1 Qc8 12. Be2 O-O 13. O-O a6 14. Qh4 b5
15. Bf3 Rb8 16. Bf4 Rb6 17. Be3 Rb8 18. Bf4 Rb7 19. Bg5 Rd7 20. Rxd7 Qxd7 21.
Rd1 Qe6 22. Bxf6 Bxf6 23. Qe4 Nd4 24. Nd5 Nxf3+ 25. Qxf3 Bxb2 26. h3 Bf6 27.
Rd3 Rc8 28. Nxf6+ exf6 29. Rc3 Qe1+ 0-1

[Event "2nd 4NCL Spring Bank Holiday Congress"]
[Site "Basingstoke"]
[Date "2019.05.25"]
[Round "3.9"]
[White "Jones, Steven A"]
[Black "Hebden, Mark L"]
[Result "0-1"]
[WhiteElo "2128"]
[BlackElo "2433"]
[PlyCount "80"]
[EventDate "2019.05.24"]

1. e4 e5 2. Nf3 Nc6 3. Bc4 Nf6 4. d4 exd4 5. e5 Ne4 6. Qe2 Nc5 7. O-O Be7 8.
Rd1 d5 9. exd6 cxd6 10. Nxd4 Nxd4 11. Rxd4 O-O 12. Nc3 Bf6 13. Rd1 Bxc3 14.
bxc3 Qf6 15. Qf3 Qxf3 16. gxf3 Be6 17. Bxe6 Nxe6 18. Rxd6 Rfc8 19. Rb1 b6 20.
Rb3 Kf8 21. Be3 Ke7 22. Rd3 Rc7 23. Ra3 Rb8 24. Kf1 Rbb7 25. Ra4 Rc6 26. c4 h6
27. Rda3 a5 28. Rb3 Nc5 29. Bxc5+ Rxc5 30. Rb5 Rxb5 31. cxb5 Rc7 32. Re4+ Kd6
33. c4 Kc5 34. Ke2 Rd7 35. Ke3 Rd1 36. a4 Ra1 37. Kd3 Ra3+ 38. Ke2 Rxa4 39. Re7
Rxc4 40. Rxf7 g5 0-1

[Event "2nd 4NCL Spring Bank Holiday Congress"]
[Site "Basingstoke"]
[Date "2019.05.25"]
[Round "3.10"]
[White "Merriman, John"]
[Black "Moore, Gerald"]
[Result "1-0"]
[WhiteElo "2225"]
[BlackElo "2057"]
[PlyCount "41"]
[EventDate "2019.05.24"]

1. d4 Nf6 2. c4 g6 3. f3 Bg7 4. e4 d6 5. Nc3 O-O 6. Bg5 Nc6 7. Nge2 Rb8 8. Qd2
a6 9. h4 h5 10. O-O-O b5 11. Ng3 b4 12. Nce2 a5 13. Kb1 a4 14. Bh6 Na5 15. Bxg7
Kxg7 16. Qg5 c6 17. Nc1 Kh8 18. Bd3 Nh7 19. Qe3 e6 20. c5 d5 21. exd5 1-0

[Event "2nd 4NCL Spring Bank Holiday Congress"]
[Site "Basingstoke"]
[Date "2019.05.25"]
[Round "3.11"]
[White "Villiers, Thomas"]
[Black "Chakanyuka, Charles"]
[Result "1-0"]
[WhiteElo "2195"]
[BlackElo "2034"]
[PlyCount "117"]
[EventDate "2019.05.24"]

1. c4 Nf6 2. Nc3 g6 3. g3 Bg7 4. Bg2 O-O 5. e4 d6 6. Nge2 Nc6 7. O-O e5 8. Rb1
a5 9. d3 Nh5 10. Be3 f5 11. exf5 gxf5 12. f4 Nf6 13. Nd5 Ng4 14. Bd2 Nd4 15. h3
Nf6 16. Nxd4 exd4 17. Nxf6+ Qxf6 18. Qf3 c6 19. Rbe1 Bd7 20. g4 Rfe8 21. g5 Qf7
22. Qd1 a4 23. Bf3 Rxe1 24. Rxe1 Be8 25. Qe2 Bf8 26. h4 Qd7 27. h5 Bf7 28. Qf2
Bg7 29. h6 Bh8 30. Bb4 Re8 31. Rxe8+ Bxe8 32. Qc2 Qd8 33. Bd2 Qb6 34. b4 axb3
35. Qxb3 Qxb3 36. axb3 Kf8 37. Kf2 Ke7 38. Ke1 Kd7 39. Ba5 Bf7 40. Kf2 Be8 41.
Kg3 Bf7 42. Bb6 Ke7 43. b4 Kd7 44. Kf2 Be8 45. Ke2 Bf7 46. Kd2 Be8 47. b5 Bf7
48. Kc2 Be8 49. Kb3 Bf7 50. Ka4 Be8 51. bxc6+ bxc6 52. Ka5 Ke7 53. c5 d5 54.
Bc7 Ke6 55. Kb6 Kd7 56. Bd6 Bf7 57. Bd1 Ke6 58. Kc7 Be8 59. Ba4 1-0

[Event "2nd 4NCL Spring Bank Holiday Congress"]
[Site "Basingstoke"]
[Date "2019.05.25"]
[Round "3.12"]
[White "Ther, Mate"]
[Black "Ogunshola, Olugbemiga (Ben)"]
[Result "0-1"]
[WhiteElo "1935"]
[BlackElo "2184"]
[PlyCount "58"]
[EventDate "2019.05.24"]

1. e4 c5 2. Nf3 d6 3. d4 cxd4 4. Nxd4 Nf6 5. f3 e5 6. Nb3 Be6 7. Be3 Qc7 8. Be2
Be7 9. O-O O-O 10. Nc3 a6 11. Qd2 Rc8 12. Rac1 Nbd7 13. Rfd1 Nb6 14. Bf1 d5 15.
exd5 Nbxd5 16. Nxd5 Nxd5 17. Bf2 Rd8 18. c3 b5 19. Qe1 Nb6 20. Bg3 Bf6 21.
Rxd8+ Rxd8 22. Rd1 Re8 23. Bd3 Na4 24. Qe2 g6 25. Re1 Rd8 26. Rd1 Rd7 27. Rd2
Qd8 28. h4 Bxb3 29. axb3 Nc5 0-1

[Event "2nd 4NCL Spring Bank Holiday Congress"]
[Site "Basingstoke"]
[Date "2019.05.25"]
[Round "3.13"]
[White "Goh, Zi Han"]
[Black "Tyomkyn, Mikhail"]
[Result "1-0"]
[WhiteElo "1912"]
[BlackElo "2153"]
[PlyCount "65"]
[EventDate "2019.05.24"]

1. d4 Nf6 2. c4 c6 3. Nc3 d5 4. Nf3 dxc4 5. a4 Bf5 6. e3 e6 7. Bxc4 Bb4 8. O-O
Nbd7 9. Qe2 Bg6 10. e4 O-O 11. Bd3 Bh5 12. e5 Nd5 13. Nxd5 cxd5 14. Qe3 Be7 15.
Ng5 Bxg5 16. Qxg5 Qxg5 17. Bxg5 f6 18. exf6 gxf6 19. Bd2 Bg6 20. Bb5 Nb6 21.
Bb4 Rfc8 22. a5 a6 23. axb6 axb5 24. Ra7 Re8 25. Rfa1 Rac8 26. Rxb7 e5 27. Rba7
Rb8 28. b7 Red8 29. Ra8 Kf7 30. Bd6 Rxd6 31. Rxb8 Rb6 32. Ra7 exd4 33. Rc8 1-0

[Event "2nd 4NCL Spring Bank Holiday Congress"]
[Site "Basingstoke"]
[Date "2019.05.25"]
[Round "3.14"]
[White "Goater, Kevin P"]
[Black "Zhu, Yaoyao"]
[Result "1-0"]
[WhiteElo "2084"]
[BlackElo "1839"]
[PlyCount "65"]
[EventDate "2019.05.24"]

1. d4 f5 2. Nc3 d5 3. Bf4 c6 4. e3 Nf6 5. h3 g6 6. Nf3 Bg7 7. Ne5 Nbd7 8. Bd3
Ne4 9. Nxd7 Bxd7 10. Ne2 c5 11. c3 c4 12. Bc2 O-O 13. f3 Nd6 14. Qd2 b5 15. O-O
Bc6 16. Rad1 a5 17. Qe1 Qd7 18. Qg3 Ne8 19. Be5 Ra6 20. h4 Nf6 21. Nf4 Kf7 22.
Qg5 Ba8 23. h5 Ng8 24. Bxg7 Kxg7 25. hxg6 hxg6 26. Kf2 Qd6 27. Rh1 Kf7 28. Rh7+
Ke8 29. Rg7 Qf6 30. Rxg6 Qxg5 31. Rxg5 Nh6 32. Rh1 Bb7 33. Rg6 1-0

[Event "2nd 4NCL Spring Bank Holiday Congress"]
[Site "Basingstoke"]
[Date "2019.05.25"]
[Round "3.15"]
[White "Tambini, Jasper"]
[Black "Jamroz, Krzysztof"]
[Result "1-0"]
[WhiteElo "2066"]
[BlackElo "1971"]
[PlyCount "93"]
[EventDate "2019.05.24"]

1. e4 c5 2. Nc3 e6 3. f4 d5 4. Nf3 dxe4 5. Nxe4 Nc6 6. g3 Nf6 7. Qe2 Be7 8. Bg2
O-O 9. d3 Qc7 10. O-O Rd8 11. c3 b6 12. Ne5 Bb7 13. Nxf7 Rf8 14. Nfg5 Nd8 15.
Nxf6+ Rxf6 16. Bxb7 Qxb7 17. Qe4 Qxe4 18. dxe4 h6 19. Nf3 Nc6 20. Be3 Rff8 21.
Rad1 Rad8 22. Kf2 g5 23. Ke2 g4 24. Ne1 Kh7 25. Nc2 Na5 26. Na3 Bd6 27. b3 Bb8
28. Rxd8 Rxd8 29. h3 gxh3 30. Rh1 h5 31. Rxh3 Kg6 32. Nb1 Nb7 33. e5 Na5 34.
Nd2 Nc6 35. Ne4 Ne7 36. Nf6 Nd5 37. Ne4 Re8 38. c4 Nb4 39. Nf6 Rd8 40. Rxh5
Nxa2 41. g4 Nc3+ 42. Kf3 Rd3 43. f5+ exf5 44. gxf5+ Kf7 45. Rh7+ Kf8 46. e6 Bd6
47. Rf7# 1-0

[Event "2nd 4NCL Spring Bank Holiday Congress"]
[Site "Basingstoke"]
[Date "2019.05.25"]
[Round "3.16"]
[White "Mladek, Richard"]
[Black "Woltery, Nicolai"]
[Result "1-0"]
[WhiteElo "2268"]
[BlackElo "1899"]
[PlyCount "85"]
[EventDate "2019.05.24"]

1. e4 c5 2. Nf3 Nc6 3. d4 cxd4 4. Nxd4 g6 5. Nc3 Bg7 6. Nb3 Nf6 7. Be2 O-O 8.
Bg5 d6 9. O-O Bd7 10. f4 Rc8 11. Kh1 Re8 12. Bf3 h6 13. Bh4 b6 14. Qe2 Be6 15.
f5 Bxb3 16. axb3 g5 17. Bg3 a5 18. Qd2 Nd7 19. h4 gxh4 20. Bxh4 Kh7 21. Be2
Nce5 22. Bb5 Rg8 23. Bxd7 Nxd7 24. Rf3 Nf6 25. Re1 Ng4 26. Nd5 Bf6 27. Bxf6
Nxf6 28. Rh3 Qf8 29. Nxe7 Rxc2 30. Qxc2 Qxe7 31. Qd2 Ng4 32. g3 Qe5 33. Kg2 Rg7
34. Rh4 Rg8 35. Qc3 Qxc3 36. bxc3 f6 37. Reh1 Rg5 38. Kf3 Ne5+ 39. Kf4 Nd3+ 40.
Ke3 Rxg3+ 41. Kd4 Rg7 42. Rxh6+ Kg8 43. Kxd3 1-0

[Event "2nd 4NCL Spring Bank Holiday Congress"]
[Site "Basingstoke"]
[Date "2019.05.25"]
[Round "3.17"]
[White "Lubarto, Michael"]
[Black "Nettleton, Charlie B"]
[Result "1-0"]
[WhiteElo "1883"]
[BlackElo "2064"]
[PlyCount "117"]
[EventDate "2019.05.24"]

1. e4 c5 2. Nf3 Nc6 3. Bb5 g6 4. Bxc6 dxc6 5. O-O Bg7 6. Nc3 Qc7 7. h3 e5 8. d3
h6 9. Be3 b6 10. a4 a5 11. b3 Ne7 12. Nd2 g5 13. Qh5 Ng6 14. g3 Be6 15. Rad1
Nf4 16. Bxf4 exf4 17. Ne2 Be5 18. Nf3 fxg3 19. fxg3 O-O-O 20. Nxe5 Qxe5 21. Kg2
f5 22. exf5 Bxf5 23. Rde1 Rhf8 24. Qxh6 Qd5+ 25. Kg1 Rh8 26. Qxg5 Rdf8 27. h4
Rhg8 28. Qh5 Kb7 29. Kh2 Rh8 30. Qg5 Qe5 31. Ng1 Qd5 32. Qg7+ Ka6 33. Re7 Ra8
34. Re5 Qd4 35. Rfxf5 Rag8 36. Ne2 Rxh4+ 37. Kg2 Rxg7 38. Nxd4 cxd4 39. Rg5
Rxg5 40. Rxg5 Rh7 41. Rg4 Rd7 42. Rg6 Kb7 43. Re6 b5 44. g4 bxa4 45. bxa4 Rd5
46. Kf3 Kb6 47. Kf4 Rd8 48. Re5 Rf8+ 49. Rf5 Rg8 50. g5 Rg6 51. Rf6 Rg8 52. g6
Kc5 53. Kf5 Rg7 54. Rf7 Rg8 55. g7 Kb4 56. Kg6 Kxa4 57. Rb7 Rf8 58. gxf8=Q c5
59. Rb3 1-0

[Event "2nd 4NCL Spring Bank Holiday Congress"]
[Site "Basingstoke"]
[Date "2019.05.25"]
[Round "3.18"]
[White "Forster, Matthew"]
[Black "Purdon, Colin"]
[Result "0-1"]
[WhiteElo "1861"]
[BlackElo "2055"]
[PlyCount "80"]
[EventDate "2019.05.24"]

1. c4 c6 2. g3 d5 3. Bg2 Nf6 4. Nf3 g6 5. O-O Bg7 6. d4 O-O 7. b3 dxc4 8. bxc4
c5 9. e3 Nc6 10. Bb2 Bf5 11. Nbd2 Ne4 12. Nh4 Nxd2 13. Nxf5 Nxc4 14. Nxg7 Nxb2
15. Qc2 Kxg7 16. d5 Na5 17. Qxb2+ f6 18. Rac1 Qd6 19. e4 Rac8 20. Bh3 Rc7 21.
f4 c4 22. Qc3 b6 23. Rfd1 Nb7 24. e5 Qc5+ 25. Kh1 b5 26. a3 a5 27. Rd4 Qb6 28.
Rb1 Qc5 29. Bf1 Rd7 30. Rbd1 fxe5 31. R4d2 b4 32. Qxe5+ Rf6 33. axb4 axb4 34.
Rd4 c3 35. Re1 Qd6 36. Bb5 Rc7 37. Bc6 Nd8 38. Qe4 Nxc6 39. dxc6 Qxc6 40. Rxb4
Re6 0-1

[Event "2nd 4NCL Spring Bank Holiday Congress"]
[Site "Basingstoke"]
[Date "2019.05.25"]
[Round "3.19"]
[White "Goodger, Martyn"]
[Black "Jukes, Sam"]
[Result "1-0"]
[WhiteElo "2043"]
[BlackElo "1860"]
[PlyCount "81"]
[EventDate "2019.05.24"]

1. e4 e5 2. Nf3 Nc6 3. Bc4 Nf6 4. d3 Be7 5. O-O O-O 6. Bb3 d6 7. c3 Kh8 8. Nbd2
Ng8 9. d4 f5 10. dxe5 dxe5 11. exf5 Bxf5 12. Nc4 Bf6 13. Qxd8 Raxd8 14. Be3
Nge7 15. Bc5 Rfe8 16. Rfd1 Rxd1+ 17. Rxd1 e4 18. Nd4 Nxd4 19. Bxd4 Bxd4 20.
cxd4 Be6 21. Re1 b5 22. Nd2 Bxb3 23. Nxb3 Nf5 24. Rc1 Re7 25. Rc5 Nd6 26. Na5
Kg8 27. Nc6 Rd7 28. Nxa7 Nb7 29. Rxb5 Rxd4 30. Kf1 Nd6 31. Rb8+ Kf7 32. Nb5
Nxb5 33. Rxb5 Ke6 34. Ke2 Rc4 35. Kd2 Kd6 36. b4 Kc6 37. a4 h6 38. Rb8 Kd7 39.
a5 g5 40. a6 Rd4+ 41. Ke2 1-0

[Event "2nd 4NCL Spring Bank Holiday Congress"]
[Site "Basingstoke"]
[Date "2019.05.25"]
[Round "3.20"]
[White "Royal, Shreyas"]
[Black "Simpson, Derek"]
[Result "1-0"]
[WhiteElo "1993"]
[BlackElo "1655"]
[PlyCount "63"]
[EventDate "2019.05.24"]

1. d4 d5 2. c4 e6 3. Nc3 Nf6 4. cxd5 exd5 5. Bg5 Nbd7 6. e3 c6 7. Bd3 Be7 8.
Qc2 Nf8 9. Nge2 Ne6 10. Bh4 g6 11. O-O Ng7 12. f3 O-O 13. e4 Be6 14. e5 Nd7 15.
Bxe7 Qxe7 16. f4 Bf5 17. Ng3 Bxd3 18. Qxd3 f5 19. Rae1 Ne6 20. Re3 Nb6 21. Ref3
Qb4 22. Nge2 Qxb2 23. g4 Qb4 24. g5 Rad8 25. h4 Rf7 26. h5 Rdd7 27. Rh3 Rg7 28.
Rd1 Na4 29. Nxa4 Qxa4 30. Rd2 Qa5 31. Rh4 Rdf7 32. h6 1-0

[Event "2nd 4NCL Spring Bank Holiday Congress"]
[Site "Basingstoke"]
[Date "2019.05.25"]
[Round "3.21"]
[White "Akeya-Price, Robert A"]
[Black "Voiculescu-Holvad, Stefan"]
[Result "1/2-1/2"]
[WhiteElo "1962"]
[BlackElo "1640"]
[PlyCount "71"]
[EventDate "2019.05.24"]

1. d4 Nf6 2. c4 e6 3. Nf3 b6 4. g3 Bb7 5. Bg2 Be7 6. O-O O-O 7. Nc3 Ne4 8. Qc2
Nxc3 9. Qxc3 f5 10. Rd1 Bf6 11. Qe1 d6 12. b3 Nd7 13. Bb2 Qe7 14. Nh4 Bxg2 15.
Nxg2 e5 16. Ne3 g6 17. Nd5 Qd8 18. Nxf6+ Qxf6 19. dxe5 Nxe5 20. Qd2 Qe6 21. Qd4
Rf6 22. Qe3 Re8 23. Qg5 Rf7 24. h4 Qe7 25. Qf4 Nc6 26. e3 Qe4 27. Qxe4 fxe4 28.
Rd5 Nb4 29. Rd2 Nd3 30. Bc3 Ref8 31. f4 h5 32. Kg2 Rd7 33. Rad1 Kf7 34. Kh3 d5
35. cxd5 Rxd5 36. g4 1/2-1/2

[Event "2nd 4NCL Spring Bank Holiday Congress"]
[Site "Basingstoke"]
[Date "2019.05.25"]
[Round "3.22"]
[White "Jaufarally, Nadia"]
[Black "Vaidya, Raghav"]
[Result "1/2-1/2"]
[WhiteElo "1945"]
[BlackElo "1472"]
[PlyCount "60"]
[EventDate "2019.05.24"]

1. e4 c5 2. Nf3 Nc6 3. Bb5 g6 4. Bxc6 bxc6 5. O-O Bg7 6. Re1 Nf6 7. e5 Nd5 8.
c4 Nc7 9. d4 cxd4 10. Qxd4 d5 11. Qh4 Bf5 12. Bh6 O-O 13. Nbd2 f6 14. Bxg7 Kxg7
15. Nd4 Bd7 16. e6 Be8 17. c5 Rb8 18. N2b3 Nb5 19. Re3 Nxd4 20. Nxd4 Rxb2 21.
Rg3 Qb8 22. Rf1 Rb1 23. Nf5+ Kh8 24. Qh6 Rxf1+ 25. Kxf1 Qb1+ 26. Ke2 Qc2+ 27.
Ke1 Qb1+ 28. Ke2 Qc2+ 29. Ke1 Qb1+ 30. Ke2 Qc2+ 1/2-1/2

[Event "2nd 4NCL Spring Bank Holiday Congress"]
[Site "Basingstoke"]
[Date "2019.05.25"]
[Round "3.23"]
[White "Gibson, Christopher A"]
[Black "Tart, Peter K"]
[Result "1-0"]
[WhiteElo "1846"]
[BlackElo "1944"]
[PlyCount "71"]
[EventDate "2019.05.24"]

1. e4 e5 2. Nf3 Nf6 3. Nxe5 Nxe4 4. Nc3 Qe7 5. Qe2 Qxe5 6. Nxe4 d5 7. Ng5 Qxe2+
8. Bxe2 Bf5 9. c3 Bd6 10. Nf3 c6 11. d3 h6 12. Be3 Nd7 13. Nh4 Bh7 14. g3 O-O
15. Kd2 a5 16. Ng2 Rfe8 17. Bf4 Bf8 18. Rhe1 d4 19. Kc2 dxc3 20. bxc3 Nc5 21.
Bf1 Ne6 22. Be3 Be7 23. Rad1 Bf6 24. Nf4 Bf5 25. Nxe6 Bxe6 26. a4 b5 27. Bg2
Rac8 28. Bb6 bxa4 29. Ra1 Bb3+ 30. Kd2 Rxe1 31. Rxe1 c5 32. Bxa5 Kf8 33. Bb6
Bd8 34. Bh3 Bg5+ 35. f4 Rc6 36. Bd7 1-0

[Event "2nd 4NCL Spring Bank Holiday Congress"]
[Site "Basingstoke"]
[Date "2019.05.25"]
[Round "3.24"]
[White "Freeland, Alexander"]
[Black "Ross, Stuart"]
[Result "1-0"]
[WhiteElo "2046"]
[BlackElo "1599"]
[PlyCount "61"]
[EventDate "2019.05.24"]

1. d4 Nf6 2. c4 e6 3. Nc3 Bb4 4. e3 O-O 5. Bd3 d5 6. Nf3 c5 7. O-O dxc4 8. Bxc4
cxd4 9. exd4 a6 10. Bg5 h6 11. Bh4 b5 12. Bb3 Bb7 13. Qd3 Bxc3 14. bxc3 Be4 15.
Qe2 Bh7 16. Ne5 g5 17. Bg3 Nbd7 18. a4 Nxe5 19. Bxe5 Nd5 20. Qh5 f6 21. Qxh6
Qe7 22. Bg3 bxa4 23. Rxa4 Nxc3 24. Re1 Bf5 25. Rc4 Rac8 26. h4 Rxc4 27. Bxc4
Ne4 28. hxg5 Nxg3 29. fxg3 fxg5 30. Bxe6+ Bxe6 31. Rxe6 1-0

[Event "2nd 4NCL Spring Bank Holiday Congress"]
[Site "Basingstoke"]
[Date "2019.05.25"]
[Round "3.25"]
[White "Chilton, James I"]
[Black "Chapman, Matt"]
[Result "0-1"]
[WhiteElo "1728"]
[BlackElo "1961"]
[PlyCount "42"]
[EventDate "2019.05.24"]

1. d4 d5 2. c4 c6 3. Bf4 dxc4 4. e3 b5 5. Nf3 Nf6 6. Be2 Nbd7 7. O-O e6 8. Nc3
Bb7 9. a4 a6 10. a5 Bb4 11. Ne5 Nxe5 12. Bxe5 O-O 13. g4 Bd6 14. f4 c5 15. g5
Bxe5 16. fxe5 Nd5 17. Kf2 Qxg5 18. Nxd5 Bxd5 19. Rg1 Qh4+ 20. Kf1 f6 21. Bg4
fxe5+ 0-1

[Event "2nd 4NCL Spring Bank Holiday Congress"]
[Site "Basingstoke"]
[Date "2019.05.25"]
[Round "2.1"]
[White "Siddharth, Jagadeesh"]
[Black "Hebden, Mark L"]
[Result "1-0"]
[WhiteElo "2282"]
[BlackElo "2433"]
[PlyCount "119"]
[EventDate "2019.05.24"]

1. d4 g6 2. c4 Bg7 3. Nf3 Nf6 4. Nc3 O-O 5. Bg5 c5 6. d5 d6 7. e3 Qb6 8. Qc1 e6
9. Be2 Re8 10. Nd2 Na6 11. O-O h6 12. Bf4 Qd8 13. h3 Nc7 14. e4 exd5 15. cxd5
b5 16. Bxb5 Nxb5 17. Nxb5 Nxe4 18. Nxe4 Rxe4 19. Nxd6 Rb4 20. Rb1 Ba6 21. Re1
Qd7 22. Bg3 c4 23. Qd2 Rab8 24. Ne8 c3 25. Qe3 Rxe8 26. Qxe8+ Qxe8 27. Rxe8+
Kh7 28. b3 Rd4 29. Rc1 Rxd5 30. Re7 Kg8 31. Rxa7 Be2 32. Re7 Bd1 33. Rc7 g5 34.
f3 Rd3 35. Be1 c2 36. R1xc2 Bxc2 37. Rxc2 Rd1 38. Kf1 Ra1 39. Ke2 Be5 40. b4 f6
41. b5 Kf7 42. b6 Ke6 43. Bf2 Kd5 44. Kd3 Rd1+ 45. Rd2 Ra1 46. b7 Bb8 47. Rb2
f5 48. Kc2 Kc4 49. Be3 f4 50. Bc1 Kc5 51. Kd2 Kc6 52. Kc2 Kd5 53. Rb5+ Kc6 54.
Ra5 Kb6 55. Ra8 Kc6 56. Rxb8 Rxa2+ 57. Bb2 Ra7 58. Rh8 Rxb7 59. Rxh6+ Kd5 60.
Rh5 1-0

[Event "2nd 4NCL Spring Bank Holiday Congress"]
[Site "Basingstoke"]
[Date "2019.05.25"]
[Round "2.2"]
[White "Harvey, Marcus R"]
[Black "Villiers, Thomas"]
[Result "1-0"]
[WhiteElo "2412"]
[BlackElo "2195"]
[PlyCount "81"]
[EventDate "2019.05.24"]

1. d4 d6 2. e4 Nf6 3. Nc3 Nbd7 4. Bc4 e5 5. Nf3 Be7 6. O-O h6 7. a4 c6 8. Re1
Qc7 9. Qe2 Nf8 10. b4 g5 11. d5 Ng6 12. dxc6 bxc6 13. b5 g4 14. Nd2 Nf4 15. Qd1
d5 16. Bb3 d4 17. Ne2 Ne6 18. Ng3 h5 19. Nf5 Nc5 20. Nxe7 Nxb3 21. Nxb3 Qxe7
22. bxc6 Qc7 23. Nxd4 exd4 24. Qxd4 Qxc6 25. Bg5 Bb7 26. Bxf6 Rh6 27. Bg5 Re6
28. Qh8+ Kd7 29. Qxh5 Rxe4 30. Qxf7+ Kc8 31. Qf5+ Kc7 32. Bf4+ Rxf4 33. Qxf4+
Kb6 34. Qe3+ Ka6 35. Qd3+ Kb6 36. a5+ Kc7 37. Re7+ Kc8 38. Qf5+ Kb8 39. Qe5+
Kc8 40. Re8+ Kd7 41. Qe7# 1-0

[Event "2nd 4NCL Spring Bank Holiday Congress"]
[Site "Basingstoke"]
[Date "2019.05.25"]
[Round "2.3"]
[White "Ogunshola, Olugbemiga (Ben)"]
[Black "Eggleston, David J"]
[Result "0-1"]
[WhiteElo "2184"]
[BlackElo "2397"]
[PlyCount "66"]
[EventDate "2019.05.24"]

1. c4 Nf6 2. Nf3 b6 3. g3 Bb7 4. Bg2 e6 5. O-O Be7 6. Nc3 O-O 7. b3 d5 8. cxd5
exd5 9. d4 Nbd7 10. Bb2 Re8 11. Rc1 Bf8 12. Qc2 a6 13. Rfd1 g6 14. Ne5 c6 15.
e4 Bh6 16. f4 Nf8 17. Bf3 b5 18. exd5 cxd5 19. Qg2 Rc8 20. Nd3 Ne6 21. Nb4 Bg7
22. Ncxd5 Rxc1 23. Rxc1 Nxd5 24. Bxd5 Nxd4 25. Kf1 Bxd5 26. Qxd5 Qe7 27. Bxd4
Qe2+ 28. Kg1 Qd2 29. Bxg7 Qxc1+ 30. Kg2 Re2+ 31. Kh3 Qf1+ 32. Kg4 Kxg7 33. h3
Qa1 $138 0-1

[Event "2nd 4NCL Spring Bank Holiday Congress"]
[Site "Basingstoke"]
[Date "2019.05.25"]
[Round "2.4"]
[White "Jackson, James P"]
[Black "Goater, Kevin P"]
[Result "1-0"]
[WhiteElo "2388"]
[BlackElo "2084"]
[PlyCount "97"]
[EventDate "2019.05.24"]

1. e4 c5 2. Nf3 g6 3. d4 cxd4 4. Nxd4 Bg7 5. c4 Nc6 6. Be3 d6 7. Nc3 Nf6 8. f3
O-O 9. Qd2 Nxd4 10. Bxd4 Bd7 11. Be2 a5 12. O-O-O a4 13. h4 Qa5 14. h5 Rfc8 15.
Kb1 Be6 16. h6 Bh8 17. Nd5 Qxd2 18. Rxd2 Bxd5 19. cxd5 Nd7 20. Bxh8 Kxh8 21. f4
Nc5 22. Bf3 Kg8 23. Re1 Ra5 24. Re3 b5 25. Rd4 Ra7 26. Rc3 Rb8 27. Rb4 Rab7 28.
Be2 Kf8 29. g4 e6 30. dxe6 fxe6 31. e5 Na6 32. Rd4 d5 33. f5 exf5 34. Rxd5 fxg4
35. Bxg4 Rf7 36. Rf3 Rxf3 37. Bxf3 Ke7 38. Bg4 Rb7 39. Bc8 Ra7 40. Rd6 Nc5 41.
Rxg6 Kf8 42. Rd6 Ne4 43. Rd7 Rxd7 44. Bxd7 Nf2 45. Bf5 b4 46. Kc2 Kg8 47. Kd2
Nh1 48. Ke3 Ng3 49. Bd3 1-0

[Event "2nd 4NCL Spring Bank Holiday Congress"]
[Site "Basingstoke"]
[Date "2019.05.25"]
[Round "2.6"]
[White "Okhai, Shabir"]
[Black "Mladek, Richard"]
[Result "1-0"]
[WhiteElo "2082"]
[BlackElo "2268"]
[PlyCount "93"]
[EventDate "2019.05.24"]

1. e4 c5 2. Nf3 d6 3. Bb5+ Nd7 4. c3 a6 5. Ba4 b5 6. Bc2 Bb7 7. O-O Ngf6 8. Re1
Qc7 9. d4 cxd4 10. Nxd4 e5 11. Nf5 Rc8 12. f3 g6 13. Ne3 Be7 14. a4 O-O 15.
axb5 axb5 16. Na3 Qb6 17. Bd2 d5 18. exd5 Bxd5 19. Kh1 Be6 20. b4 Ne8 21. Ng4
Bxg4 22. fxg4 Nd6 23. Qe2 Bh4 24. Red1 Bf6 25. g5 Bg7 26. Be3 Qc6 27. Qd2 Qxc3
28. Qxd6 Qxe3 29. Qxd7 e4 30. Ra2 Ra8 31. Qxb5 Rfb8 32. Nc4 Qe2 33. Rxa8 Rxa8
34. Qd5 Re8 35. Nd6 Re7 36. Bb3 Rd7 37. Qxe4 Re7 38. Bxf7+ Kh8 39. Qxe2 Rxe2
40. b5 Rb2 41. g3 Be5 42. Be8 Bc3 43. Bc6 h6 44. Nf7+ Kg7 45. Nxh6 Bd2 46. h4
Kf8 47. Ng4 1-0

[Event "2nd 4NCL Spring Bank Holiday Congress"]
[Site "Basingstoke"]
[Date "2019.05.25"]
[Round "2.7"]
[White "Merry, Alan B"]
[Black "Akeya-Price, Robert A"]
[Result "1-0"]
[WhiteElo "2440"]
[BlackElo "1962"]
[PlyCount "49"]
[EventDate "2019.05.24"]

1. b3 d5 2. Bb2 Bf5 3. g3 Nf6 4. Bg2 e6 5. d3 Be7 6. Nd2 c5 7. e4 Bg6 8. Ne2
Nc6 9. Nf4 O-O 10. h4 e5 11. Nxd5 Nxd5 12. exd5 Nb4 13. a3 Nxd5 14. Qf3 Nf6 15.
Qxb7 Rb8 16. Qxa7 Ng4 17. Nc4 Bxd3 18. Rd1 e4 19. cxd3 exd3 20. O-O Rxb3 21.
Na5 Rxb2 22. Nc6 Qd6 23. Qxe7 Qg6 24. Qxc5 Kh8 25. Qxf8# 1-0

[Event "2nd 4NCL Spring Bank Holiday Congress"]
[Site "Basingstoke"]
[Date "2019.05.25"]
[Round "2.8"]
[White "Jamroz, Krzysztof"]
[Black "Merriman, John"]
[Result "1/2-1/2"]
[WhiteElo "1971"]
[BlackElo "2225"]
[PlyCount "84"]
[EventDate "2019.05.24"]

1. e4 e6 2. d4 d5 3. Bd3 dxe4 4. Bxe4 Nf6 5. Bf3 c5 6. Ne2 Nc6 7. Be3 e5 8.
Bxc6+ bxc6 9. dxe5 Qxd1+ 10. Kxd1 Ng4 11. Nd2 Nxe5 12. Ke1 Ng4 13. Bf4 Bf5 14.
f3 Nf6 15. c4 O-O-O 16. Kf2 Be7 17. Be3 Rhe8 18. Rad1 Nd7 19. Ng3 Bc2 20. Rc1
Bg6 21. f4 h5 22. Rhe1 Nf6 23. h3 h4 24. Ngf1 Bd6 25. Nf3 Rh8 26. N1d2 Rde8 27.
Kg1 Nh5 28. Nxh4 Nxf4 29. Nxg6 Nxg6 30. Bf2 Bf4 31. Rc2 Rxe1+ 32. Bxe1 Ne5 33.
Nb3 Rd8 34. Ba5 Be3+ 35. Kf1 Rd6 36. Ke2 Bg1 37. Bd2 Re6 38. Kd1 Nd3 39. Ba5
Be3 40. Ke2 Nb4 41. Bxb4 cxb4 42. Kf3 Bb6 1/2-1/2

[Event "2nd 4NCL Spring Bank Holiday Congress"]
[Site "Basingstoke"]
[Date "2019.05.25"]
[Round "2.9"]
[White "Kett, Timothy J"]
[Black "Jaufarally, Nadia"]
[Result "1-0"]
[WhiteElo "2208"]
[BlackElo "1945"]
[PlyCount "85"]
[EventDate "2019.05.24"]

1. e4 c5 2. c3 d5 3. exd5 Qxd5 4. d4 g6 5. Nf3 Bg7 6. Na3 a6 7. Bc4 Qe4+ 8. Be3
cxd4 9. Bxf7+ Kf8 10. Bc4 e5 11. O-O Nc6 12. Ng5 Qg4 13. f3 Qd7 14. Ne6+ Ke8
15. cxd4 b5 16. Nxg7+ Qxg7 17. Bd5 Bb7 18. dxe5 Rd8 19. Bg5 Nce7 20. Bxb7 Rxd1
21. Raxd1 Qxe5 22. f4 Qxb2 23. Nb1 Qxa2 24. Nc3 Qc4 25. Nd5 Qc5+ 26. Kh1 h6 27.
Bxe7 Nxe7 28. Rfe1 Kf7 29. Rxe7+ Qxe7 30. Nxe7 Kxe7 31. Bxa6 Rb8 32. Rb1 b4 33.
Bc4 Kd6 34. h4 Kc5 35. Bb3 Kd4 36. Rf1 Kc3 37. Rf3+ Kb2 38. h5 g5 39. fxg5 hxg5
40. g4 Ra8 41. h6 Rh8 42. Rh3 Re8 43. h7 1-0

[Event "2nd 4NCL Spring Bank Holiday Congress"]
[Site "Basingstoke"]
[Date "2019.05.25"]
[Round "2.10"]
[White "Tart, Peter K"]
[Black "Bukojemski, Adam"]
[Result "1-0"]
[WhiteElo "1944"]
[BlackElo "2182"]
[PlyCount "54"]
[EventDate "2019.05.24"]

1. e4 c5 2. Nc3 e6 3. f4 d5 4. Nf3 dxe4 5. Nxe4 Nf6 6. d3 Nc6 7. g3 b6 8. Bg2
Nxe4 9. dxe4 Qxd1+ 10. Kxd1 Ba6 11. c3 O-O-O+ 12. Ke1 Be7 13. Be3 Rd7 14. Rd1
Bd3 15. Nd4 cxd4 16. cxd4 Bb5 17. a3 Kb8 18. b4 Rhd8 19. f5 Nxd4 20. Bf4+ Kb7
21. Rc1 a5 22. e5+ Ka6 23. fxe6 Nxe6 24. Be3 Rd3 25. Kf2 Rxa3 26. Rc2 Bxb4 27.
Rhc1 Bc5 1-0